El deseo de ética

Uloženo v:
Podrobná bibliografie
Hlavní autor: Guyomard, Patrick (Autor)
Médium: Kniha
Jazyk:španělština
Vydáno: Buenos Aires Paidós 1999
Edice:Biblioteca de Psicología Profunda, 223
Témata:
Tagy: Přidat tag
Žádné tagy, Buďte první, kdo vytvoří štítek k tomuto záznamu!

MARC

LEADER 00000nam a2200000 a 4500
001 UCN1724
003 CL-VaPUC
008 010504e19990000AG |||||||||||||||||spa|d
082 0 4 |a 150.195  |b GUY  |2 21 
100 0 |a Guyomard, Patrick  |e author  |9 457009 
245 1 3 |a El deseo de ética 
300 |a 175 p 
942 |c BK 
945 |d 20010504 00:00:00  |a vberengu 
260 |a Buenos Aires  |b Paidós  |c 1999 
650 0 |a Psicoanálisis   |9 265702 
650 0 |a Ética  |9 255099 
650 0 |a Ciencias de la vida  |9 314137 
583 |a last modification  |c 20010504 00:00:00  |k Rodrigo Vera 
490 0 |a Biblioteca de Psicología Profunda, 223 
999 |c 294957  |d 294955 
952 |0 0  |1 0  |4 0  |6 150_195000000000000_GUY_1999  |7 0  |8 A  |9 347727  |a BIBTEO  |b BIBTEO  |d 2019-11-20  |i 3716589  |o 150.195 GUY 1999  |p 3716589  |r 2025-01-17  |w 2019-11-20  |y BK  |k ICR